书目信息 |
| 题名: |
制导炮弹导引控制一体化设计技术
|
|
| 作者: | 孙世岩 著 | |
| 分册: | ||
| 出版信息: | 北京 科学出版社 2021 |
|
| 页数: | 196页 | |
| 开本: | 24cm | |
| 丛书名: | ||
| 单 册: | ||
| 中图分类: | TJ391.2 , TJ391 | |
| 科图分类: | ||
| 主题词: | 舰炮--控制系统--设计 | |
| 电子资源: | ||
| ISBN: | 978-7-03-069792-9 | |
| 000 | 01106nam0 2200253 450 | |
| 001 | 2234782241 | |
| 005 | 20221008094015.38 | |
| 010 | @a978-7-03-069792-9@dCNY98.00 | |
| 039 | @aA310000SHL@bUCS01004210334@c01002021238232 | |
| 100 | @a20211025d2021 em y0chiy50 ea | |
| 101 | 0 | @achi |
| 102 | @aCN@b110000 | |
| 105 | @aa z 000yy | |
| 200 | 1 | @a制导炮弹导引控制一体化设计技术@9zhi dao pao dan dao yin kong zhi yi ti hua she ji ji shu@f孙世岩[等]著 |
| 210 | @a北京@c科学出版社@d2021 | |
| 215 | @a196页@c图,照片@d24cm | |
| 304 | @a著者还有:姜尚、梁伟阁、田福庆 | |
| 330 | @a本书从基础理论与作战实际结合的角度出发,针对制导炮弹在末制导段中存在的多项客观约束条件,对制导炮弹导引控制一体化设计技术进行分析。主要内容包括:舰炮制导炮弹的导引控制一体化设计模型;带多约束的导引控制近似一体化设计方法;考虑多约束的导引控制一体化通道独立设计方法;含多约束的导引控制一体化全状态耦合设计方法;导引控制一体化设计的半实物仿真研究等。 | |
| 606 | 0 | @a舰炮@x控制系统@x设计 |
| 690 | @aTJ391.2@v5 | |
| 690 | @aTJ391@v4 | |
| 701 | 0 | @a孙世岩@9sun shi yan@4著 |
| 801 | 0 | @aCN@b91MARC@c20211129 |
| 905 | @aZUCC@dTJ391@e1 | |
| 制导炮弹导引控制一体化设计技术/孙世岩[等]著.-北京:科学出版社,2021 |
| 196页:图,照片;24cm |
| ISBN 978-7-03-069792-9:CNY98.00 |
| 本书从基础理论与作战实际结合的角度出发,针对制导炮弹在末制导段中存在的多项客观约束条件,对制导炮弹导引控制一体化设计技术进行分析。主要内容包括:舰炮制导炮弹的导引控制一体化设计模型;带多约束的导引控制近似一体化设计方法;考虑多约束的导引控制一体化通道独立设计方法;含多约束的导引控制一体化全状态耦合设计方法;导引控制一体化设计的半实物仿真研究等。 |
| ● |
| 相关链接 |
|
|
|
正题名:制导炮弹导引控制一体化设计技术
索取号:TJ391/1
 
预约/预借
| 序号 | 登录号 | 条形码 | 馆藏地/架位号 | 状态 | 备注 |
| 1 | 2000912458 | 2000912458 | 第三书库/ [索取号:TJ391/1] | 在馆 | |
| 2 | 2000912459 | 2000912459 | 第三书库/ [索取号:TJ391/1] | 在馆 | |
| 3 | 2000912460 | 2000912460 | 第三书库/ [索取号:TJ391/1] | 在馆 |